Normal view
MARC view
Entry Topical Term
001 - CONTROL NUMBER
- control field: 6454
003 - CONTROL NUMBER IDENTIFIER
- control field: PK-LaUMT
005 - DATE AND TIME OF LATEST TRANSACTION
- control field: 20250619113808.0
008 - FIXED-LENGTH DATA ELEMENTS
- fixed length control field: 250619|| aca||aabn | a|a d
040 ## - CATALOGING SOURCE
- Original cataloging agency: PK-LaUMT
- Transcribing agency: PK-LaUMT
150 ## - HEADING--TOPICAL TERM
- Topical term or geographic name as entry element: Tipu Sultan
670 ## - SOURCE DATA FOUND
- Source citation: Work cat.: (PK-LaUMT)98805: Mir Hussain Ali Khan Kirmani 6453, History of Tipu Sultan :, 1864
